Príspevok k stanoveniu 131J extrakčnou metódou

Bibliographic Details
Main Authors: Liptáková, G. (Author), Baňas, J. (Author), Brutovský, M. (Author), Zaduban, M. (Author)
Format: Article
Language:Slovak

MARC

LEADER 00000nab a2200000uu 4500
001 vtls010876043
003 SK-MaSNL
005 20260303163058.0
008 230303|1965 xo |||||||||||||||||slo|
015 |a SNBRB 
035 |a (urnnbn)urn:nbn:sk:snk:ar-0061n8 
035 |a (uuid)341775ad-625a-46e9-b972-9c1725e2f44e 
035 |a urn:nbn:sk:snk-ab7prs 
040 |a SNKBUCL  |b slo  |c SNKBUCL  |e AACR2 
041 0 |a slo 
044 |a xo  |c SK 
100 1 |a Liptáková, G.  |4 aut  |9 284577 
245 1 0 |a Príspevok k stanoveniu 131J extrakčnou metódou  |c G. Liptáková, J. Baňas, M. Brutovský, M. Zaduban 
700 1 |a Baňas, J.  |4 aut  |9 283604 
700 1 |a Brutovský, M.  |4 aut  |9 1186971 
700 1 |a Zaduban, M.  |4 aut  |9 1139539 
773 0 |t Chemické zvesti  |g Roč. 19, č. 6 (1965), s. 470-474 
958 |a OND 
958 |a EUIPO 
958 |a article8 
999 |c 2058748  |d 2060678